ՀՀ Գիտությունների ազգային ակադեմիայի հիմնարար գիտական գրադարան  =   Fundamental Scientific Library of NAS RA

В сводках не сообщалось... / (Record no. 282544)

MARC details
000 -LEADER
fixed length control field 00792nam a2200205 u 4500
001 - CONTROL NUMBER
control field 000769569
003 - CONTROL NUMBER IDENTIFIER
control field AM-YeHGA
005 - DATE AND TIME OF LATEST TRANSACTION
control field 20250617143838.0
008 - FIXED-LENGTH DATA ELEMENTS--GENERAL INFORMATION
fixed length control field 101101s1970 ||| r 000 0 rus d
040 ## - CATALOGING SOURCE
Original cataloging agency AM-YeHGA
041 0# - LANGUAGE CODE
Language code of text/sound track or separate title rus
090 ## - LOCALLY ASSIGNED LC-TYPE CALL NUMBER (OCLC); LOCAL CALL NUMBER (RLIN)
-- 284201
100 1# - MAIN ENTRY--PERSONAL NAME
Personal name Комаров, Анатолий Михайлович
245 10 - TITLE STATEMENT
Title В сводках не сообщалось... /
Statement of responsibility, etc. А. Комаров, И. Максимов.
260 ## - PUBLICATION, DISTRIBUTION, ETC.
Place of publication, distribution, etc. Краснодар :
Name of publisher, distributor, etc. Краснодар. кн. изд-во,
Date of publication, distribution, etc. 1970.
300 ## - PHYSICAL DESCRIPTION
Extent 110 с. :
Other physical details ил.
440 #0 - SERIES STATEMENT/ADDED ENTRY--TITLE
Title Во имя жизни, во имя победы
653 0# - INDEX TERM--UNCONTROLLED
Uncontrolled term Сочинские госпитали в Великой Отечественной войне
700 1# - ADDED ENTRY--PERSONAL NAME
Personal name Максимов, Илларион Алексеевич
Holdings
Withdrawn status Lost status Damaged status Not for loan Home library Current library Date acquired Total checkouts Full call number Barcode Date last seen Price effective from Koha item type Public note
        Fundamental Scientific Library Fundamental Scientific Library 29/12/2016   PI/26780 FL0172586 29/12/2016 29/12/2016 Գրքեր / Books 30 Days Loan


ՀՀ ԳԱԱ հիմնարար գիտական գրադարան
ՀՀ,Երևան 0019
Մարշալ Բաղրամյան 24/6
հեռախոս:(374-10) 52-47-50
Հետադարձ կապ

All site content, except where otherwise noted, is licensed under a
Creative Commons License